000
00279nam a22001097a 4500
008
241105b xxu||||| |||| 00| 0 eng d
100
_a
Hest, Amy
245
_a
Letters to Leo
_c
Amy Hest
260
_a
U.S.A.
_b
Candlewick Press
_c
2014
300
_a
153p.;
_c
120 cm
942
_2
ddc
_c
BK
999
_c
366651
_d
366651